[Event "2.Nord-West-Cup"]
[Site "?"]
[Date "2000.02.11"]
[Round "2"]
[White "Albers, Andreas"]
[Black "Heinemann, Ernst"]
[Result "0-1"]
[WhiteElo "1791"]
[BlackElo "2215"]
[PlyCount "58"]

1. d4 Nf6 2. c4 c5 3. d5 b5 4. cxb5 a6 5. b6 e6 6. Nc3 exd5 7. Nxd5 Nxd5 8.
Qxd5 Nc6 9. Nf3 Bb7 10. Bd2 Be7 11. Bc3 O-O 12. Qd2 d5 13. e3 Qxb6 14. Ne5 d4
15. Nxc6 Qxc6 16. exd4 cxd4 17. Qxd4 Bf6 18. Qc4 Rfe8+ 19. Kd2 Bxc3+ 20. bxc3
Qb6 21. Kc2 Qxf2+ 22. Kb3 Rab8 23. Ka3 Bd5 24. Qxd5 Qb2+ 25. Ka4 Qxc3 26. a3
Qxa1 27. g3 Red8 28. Qxf7+ Kh8 29. Qc7 Qd1+ 0-1

[Event "2.Nord-West-Cup"]
[Site "?"]
[Date "2000.02.12"]
[Round "4"]
[White "Albers, Andreas"]
[Black "Schlichtmann, Gisbert"]
[Result "0-1"]
[WhiteElo "1791"]
[BlackElo "2213"]
[PlyCount "42"]

1. d4 e6 2. g3 c5 3. d5 exd5 4. Qxd5 Nf6 5. Qd1 d5 6. Bg2 h6 7. Nf3 Nc6 8. O-O
Be7 9. Bf4 O-O 10. Nc3 d4 11. Nb5 Nd5 12. Bd2 Be6 13. Na3 Bf6 14. Ne1 Rc8 15.
Nd3 b6 16. Nf4 Nxf4 17. Bxf4 Re8 18. Nb5 g5 19. Bc1 Bc4 20. Bxc6 Rxc6 21. Nxa7
Rc7 0-1

[Event "2.Nord-West-Cup"]
[Site "?"]
[Date "2000.02.13"]
[Round "6"]
[White "Albers, Andreas"]
[Black "Radczewill, Horst"]
[Result "0-1"]
[WhiteElo "1791"]
[BlackElo "1545"]
[PlyCount "103"]

1. d4 d5 2. Nf3 Nf6 3. e3 e6 4. Bd3 Bd6 5. Nbd2 O-O 6. O-O Re8 7. b3 Nbd7 8.
Bb2 b6 9. Ne5 c5 10. f4 Bb7 11. Ndf3 h6 12. Qe2 Nf8 13. Bb5 Re7 14. Bc6 Rc8 15.
Bxb7 Rxb7 16. Nc6 Rxc6 17. dxc5 Bxc5 18. Ne5 Rc8 19. a3 Rbc7 20. Rac1 N8d7 21.
Nd3 Ne4 22. b4 Bf8 23. Rf3 Ndf6 24. Rh3 Nc3 25. Qf3 Nfe4 26. Qg4 Qf6 27. Rf1
Qf5 28. Qh4 Ne2+ 29. Kh1 Ng5 30. Qe1 Nxh3 31. Qxe2 Rxc2 32. Qd1 Qe4 33. Rf3
Nxf4 34. exf4 Qe2 35. Qxe2 Rxe2 36. Bd4 Rcc2 37. Rg3 Rcd2 38. h3 g6 39. Be5 Be7
40. Bb8 Bh4 41. Rf3 Rxg2 42. Bxa7 Bd8 43. Bb8 Rge2 44. Kg1 Rd1+ 45. Rf1 Rxd3
46. Rc1 Rxa3 47. f5 exf5 48. Kf1 Rd2 49. Ke1 Bh4+ 50. Kxd2 Bg5+ 51. Kc2 Bxc1
52. Kxc1 0-1

[Event "2.Nord-West-Cup"]
[Site "?"]
[Date "2000.02.10"]
[Round "1"]
[White "Bauland, Thomas"]
[Black "Sawatzki, Frank"]
[Result "0-1"]
[WhiteElo "1816"]
[BlackElo "2270"]
[PlyCount "74"]

1. Nc3 c5 2. e4 e6 3. Nf3 Nc6 4. d4 cxd4 5. Nxd4 Nf6 6. Nxc6 bxc6 7. Bd3 d6 8.
O-O Be7 9. Be3 O-O 10. f4 Qc7 11. Qf3 Re8 12. g4 d5 13. e5 Nd7 14. Qh3 Nf8 15.
Rf3 f6 16. Qh5 g6 17. Qh6 f5 18. gxf5 exf5 19. Rd1 Be6 20. Rg3 Red8 21. Be2 c5
22. Nb5 Qb6 23. Nd6 Bxd6 24. exd6 d4 25. Bf2 Rxd6 26. b3 Re8 27. Bd3 Kf7 28.
Re1 Bd5 29. Rxe8 Kxe8 30. Qg7 Qb7 31. Qh8 Re6 32. c3 Qc7 33. Bb5+ Kf7 34. cxd4
Qxf4 35. dxc5 Qe4 36. Be3 Qh1+ 37. Kf2 Qxh2+ 0-1

[Event "2.Nord-West-Cup"]
[Site "?"]
[Date "2000.02.11"]
[Round "3"]
[White "Bauland, Thomas"]
[Black "Huntemann, Herms"]
[Result "1/2-1/2"]
[WhiteElo "1816"]
[BlackElo "1244"]
[PlyCount "65"]

1. Nc3 d5 2. e4 d4 3. Nce2 e5 4. Ng3 Nc6 5. Nf3 Bg4 6. Bc4 Bd6 7. d3 Na5 8.
Bxf7+ Kxf7 9. Ng5+ Qxg5 10. f3 Bxf3 11. O-O Qd8 12. Qxf3+ Nf6 13. Nf5 Rf8 14.
Bg5 Kg8 15. Qg3 g6 16. Rf3 Nc6 17. Raf1 Nh5 18. Qh4 Qd7 19. Nh6+ Kh8 20. Rf7
Qe6 21. Bf6+ Nxf6 22. R1xf6 Be7 23. Rxh7+ Kxh7 24. Nf5+ Kg8 25. Nh6+ Kg7 26.
Nf5+ Kg8 27. Nxe7+ Qxe7 28. Rxg6+ Qg7 29. Rxg7+ Kxg7 30. Qg4+ Kf6 31. Qf5+ Ke7
32. Qg5+ Ke6 33. Qg4+ 1/2-1/2

[Event "2.Nord-West-Cup"]
[Site "?"]
[Date "2000.02.12"]
[Round "5"]
[White "Bauland, Thomas"]
[Black "Eickhoff, Hermann"]
[Result "0-1"]
[WhiteElo "1816"]
[BlackElo "2159"]
[PlyCount "88"]

1. Nc3 Nf6 2. Nf3 d5 3. d4 Bg4 4. e3 e6 5. Be2 Be7 6. Ne5 Bxe2 7. Nxe2 Nbd7 8.
Nxd7 Qxd7 9. O-O O-O 10. b3 a5 11. a4 c5 12. c3 Rfc8 13. Ba3 b6 14. Rc1 c4 15.
Bxe7 Qxe7 16. Rb1 Nd7 17. b4 Rab8 18. Qc2 e5 19. dxe5 Qxe5 20. Nd4 axb4 21.
Rxb4 Nc5 22. Rfb1 Qc7 23. Nb5 Qd7 24. Nd4 Qd8 25. Nf5 Qf6 26. a5 Nd3 27. Rxb6
Rxb6 28. Rxb6 Qxf5 29. a6 Qd7 30. Qa2 Qa7 31. Qa5 Nc5 32. g3 g6 33. Qb5 Kg7 34.
Kg2 h5 35. f3 Rc7 36. e4 dxe4 37. fxe4 Kh7 38. Kf3 Kg7 39. h3 f6 40. g4 hxg4+
41. hxg4 Nd3 42. g5 fxg5 43. Kg4 Rf7 44. Kxg5 Qe7+ 0-1

[Event "2.Nord-West-Cup"]
[Site "?"]
[Date "2000.02.13"]
[Round "7"]
[White "Bauland, Thomas"]
[Black "Korsus, Bernd"]
[Result "1/2-1/2"]
[WhiteElo "1816"]
[BlackElo "2186"]
[PlyCount "66"]

1. d4 Nf6 2. c4 e5 3. dxe5 Ng4 4. Bf4 Nc6 5. Nf3 Bb4+ 6. Nbd2 Qe7 7. a3 Ngxe5
8. Nxe5 Nxe5 9. e3 Bxd2+ 10. Qxd2 O-O 11. Be2 d6 12. O-O Bf5 13. Qc3 a5 14.
Rfd1 Nd7 15. b4 Rfd8 16. Bf3 Be4 17. Bxe4 Qxe4 18. Rd4 Qe6 19. Rad1 b6 20. c5
axb4 21. axb4 bxc5 22. bxc5 Ne5 23. cxd6 cxd6 24. R4d2 Rdc8 25. Qb4 Nc4 26. Rd4
Rab8 27. Qe1 Rb6 28. Qe2 h6 29. h3 Rbc6 30. Qa2 Qg6 31. Qa1 h5 32. Rd5 Rc5 33.
Qa6 Qe6 1/2-1/2

[Event "2.Nord-West-Cup"]
[Site "?"]
[Date "2000.02.11"]
[Round "3"]
[White "Boehme, Arne"]
[Black "Gossmann, Ewald"]
[Result "1/2-1/2"]
[WhiteElo "1783"]
[BlackElo "2075"]
[PlyCount "41"]

1. e4 g6 2. d4 Bg7 3. Bf4 d6 4. Nf3 Nf6 5. Nc3 O-O 6. Qd2 b6 7. Bh6 Bb7 8. Bxg7
Kxg7 9. Bd3 Nbd7 10. O-O e6 11. Ng5 h6 12. Nh3 e5 13. d5 Nc5 14. f4 Qe7 15. f5
a6 16. b4 Ncd7 17. Rf3 Nh7 18. Raf1 Ndf6 19. Ne2 g5 20. Nf2 Rg8 21. g4 1/2-1/2

[Event "2.Nord-West-Cup"]
[Site "?"]
[Date "2000.02.12"]
[Round "5"]
[White "Boehme, Arne"]
[Black "Park, Heiko"]
[Result "1/2-1/2"]
[WhiteElo "1783"]
[BlackElo "2022"]
[PlyCount "40"]

1. e4 d5 2. exd5 Qxd5 3. Nc3 Qa5 4. d4 c6 5. Bd2 Qc7 6. Bc4 Nf6 7. Nf3 Bg4 8.
h3 Bh5 9. Qe2 e6 10. O-O-O Nbd7 11. g4 Bg6 12. Nh4 O-O-O 13. Nxg6 hxg6 14. Bb3
Bd6 15. Qf3 Nb6 16. Na4 Rd7 17. Ba5 Rhd8 18. Nxb6+ axb6 19. Bc3 Bf4+ 20. Kb1 g5
1/2-1/2

[Event "2.Nord-West-Cup"]
[Site "?"]
[Date "2000.02.10"]
[Round "1"]
[White "Broehl, Stefan"]
[Black "Schoeler, Klaus"]
[Result "1-0"]
[WhiteElo "2197"]
[BlackElo "1626"]
[PlyCount "38"]

1. e4 c5 2. Nc3 Nc6 3. f4 e5 4. fxe5 Nxe5 5. Nf3 Nc6 6. Bc4 h6 7. O-O Be7 8.
Bxf7+ Kxf7 9. Ne5+ Ke6 10. Nf7 Nf6 11. Nxd8+ Bxd8 12. d3 Bc7 13. Nd5 Be5 14.
Bf4 Rb8 15. Bxe5 Nxe5 16. Nxf6 gxf6 17. c3 Ke7 18. d4 Nc6 19. dxc5 d6 1-0

[Event "2.Nord-West-Cup"]
[Site "?"]
[Date "2000.02.11"]
[Round "3"]
[White "Broehl, Stefan"]
[Black "Krumwiede, Karsten"]
[Result "0-1"]
[WhiteElo "2198"]
[BlackElo "1994"]
[PlyCount "76"]

1. e4 c5 2. Nc3 Nc6 3. f4 g6 4. Nf3 Bg7 5. Bb5 Nd4 6. O-O Nxb5 7. Nxb5 a6 8.
Nc3 d6 9. a4 e6 10. d3 Ne7 11. Qe1 O-O 12. f5 exf5 13. Qh4 Nc6 14. Bg5 f6 15.
Bd2 Be6 16. Ne2 fxe4 17. dxe4 Ne5 18. b3 Qd7 19. a5 Rae8 20. Rad1 Nxf3+ 21.
gxf3 f5 22. Bf4 fxe4 23. Rxd6 Qb5 24. Ng3 exf3 25. Rxf3 c4 26. Ne4 Qf5 27. Ng5
Qg4+ 28. Qg3 Qxg3+ 29. hxg3 Bg4 30. Re3 Rxe3 31. Bxe3 cxb3 32. cxb3 Re8 33. Bd4
Bh6 34. Bf6 Bf8 35. Rd4 Bc5 36. Kf2 Bxd4+ 37. Bxd4 h6 38. Nf3 Rf8 0-1

[Event "2.Nord-West-Cup"]
[Site "?"]
[Date "2000.02.12"]
[Round "5"]
[White "Broehl, Stefan"]
[Black "Hoffmann, Rainer"]
[Result "1-0"]
[WhiteElo "2197"]
[BlackElo "2030"]
[PlyCount "97"]

1. e4 c5 2. Nc3 d6 3. f4 Nc6 4. Nf3 g6 5. Bc4 Bg7 6. O-O a6 7. a4 e6 8. d3 Nge7
9. Qe1 O-O 10. f5 gxf5 11. Qh4 Ng6 12. Qh5 Nd4 13. Bh6 f4 14. Ng5 Qf6 15. Nxh7
Qe5 16. Qxe5 dxe5 17. Bxg7 Kxg7 18. Nxf8 Kxf8 19. Rf2 Bd7 20. a5 Ke7 21. Na4
Bxa4 22. Rxa4 Rg8 23. b4 f3 24. c3 Ne2+ 25. Kf1 fxg2+ 26. Rxg2 Nxc3 27. Ra3
cxb4 28. Rb3 Rc8 29. Rxb4 Nf4 30. Rxb7+ Kf6 31. Rd2 Rc5 32. Rb3 Nxe4 33. Ra2
Ng5 34. Kf2 e4 35. Ke3 e5 36. h4 Nf3 37. Bxa6 Nxh4 38. d4 Nf5+ 39. Kxe4 Nxd4
40. Rb4 Kg5 41. Rc4 f5+ 42. Ke3 Nfe6 43. Rxc5 f4+ 44. Ke4 Nxc5+ 45. Kxe5 Nc6+
46. Kd6 Nxa6 47. Rg2+ Kf5 48. Kxc6 f3 49. Rb2 1-0

[Event "2.Nord-West-Cup"]
[Site "?"]
[Date "2000.02.13"]
[Round "7"]
[White "Broehl, Stefan"]
[Black "Wesseln, Kai"]
[Result "0-1"]
[WhiteElo "2197"]
[BlackElo "2356"]
[PlyCount "62"]

1. e4 c5 2. Nc3 Nc6 3. f4 g6 4. Nf3 Bg7 5. Bb5 Nd4 6. O-O Nxb5 7. Nxb5 Nf6 8.
e5 Nd5 9. c4 Nc7 10. Nxc7+ Qxc7 11. d4 cxd4 12. Qxd4 d6 13. Bd2 O-O 14. Rac1
Be6 15. b3 Rad8 16. Qe3 dxe5 17. fxe5 Bf5 18. Bb4 a6 19. Qc5 Qxc5+ 20. Bxc5 Rd7
21. Rfd1 Rfd8 22. Rxd7 Rxd7 23. Kf2 f6 24. Re1 fxe5 25. Nxe5 Rd2+ 26. Kg3 Rxa2
27. Bxe7 a5 28. Nf3 Rb2 29. Bd8 Bf8 30. Nd4 Bb4 31. Re5 Bd6 0-1

[Event "2.Nord-West-Cup"]
[Site "?"]
[Date "2000.02.11"]
[Round "2"]
[White "Buchenau, Frank"]
[Black "Fischbach, Harald"]
[Result "1-0"]
[WhiteElo "2220"]
[BlackElo "2183"]
[PlyCount "49"]

1. e4 c5 2. b3 Nc6 3. Bb2 d6 4. Nc3 Nf6 5. f4 e5 6. fxe5 dxe5 7. Nf3 Bd6 8. Bc4
O-O 9. O-O a6 10. a4 Nd4 11. d3 Bg4 12. Qd2 Rb8 13. a5 Bc7 14. Nd5 Nxd5 15.
Bxd5 Nxf3+ 16. gxf3 Bh3 17. Rf2 Kh8 18. f4 exf4 19. Qc3 Qg5+ 20. Kh1 f3 21. Rg1
Bg2+ 22. Rfxg2 fxg2+ 23. Rxg2 Qxg2+ 24. Kxg2 f6 25. Qxc5 1-0

[Event "2.Nord-West-Cup"]
[Site "?"]
[Date "2000.02.12"]
[Round "4"]
[White "Buchenau, Frank"]
[Black "Jugelt, Tobias"]
[Result "1/2-1/2"]
[WhiteElo "2220"]
[BlackElo "2386"]
[PlyCount "100"]

1. e4 Nf6 2. e5 Nd5 3. d4 d6 4. Nf3 c6 5. c4 Nc7 6. Be2 dxe5 7. Nxe5 g6 8. O-O
Bg7 9. Be3 O-O 10. Nc3 Nd7 11. Nf3 Nf6 12. h3 Bf5 13. Nh4 Bd7 14. a4 a5 15. f4
Rb8 16. Nf3 b5 17. axb5 cxb5 18. b3 b4 19. Na4 Bxa4 20. Rxa4 Ne4 21. Qc2 Nc3
22. Raa1 Ne6 23. d5 Nxe2+ 24. Qxe2 Bxa1 25. Rxa1 Ng7 26. Ne5 Ra8 27. Nc6 Qc7
28. Qf2 Rfe8 29. Bb6 Qd6 30. Rxa5 Nf5 31. g4 Ng7 32. Bc5 Qf6 33. Bd4 Qd6 34.
Rxa8 Rxa8 35. Bc5 Qf6 36. Bd4 Qd6 37. Bc5 Qf6 38. Bd4 Qd6 39. Bc5 Qf6 40. Bxb4
Qa1+ 41. Qe1 Qb2 42. Nxe7+ Kh8 43. Bc3 Qc2 44. d6 Ra2 45. Bxg7+ Kxg7 46. Qe5+
f6 47. Nf5+ gxf5 48. Qe7+ Kg6 49. Qe8+ Kg7 50. Qe7+ Kg6 1/2-1/2

[Event "2.Nord-West-Cup"]
[Site "?"]
[Date "2000.02.13"]
[Round "7"]
[White "Buchenau, Frank"]
[Black "Krause, Thomas"]
[Result "1-0"]
[WhiteElo "2220"]
[BlackElo "2144"]
[PlyCount "79"]

1. e4 d5 2. exd5 Qxd5 3. Nc3 Qa5 4. d4 c6 5. Nf3 Nf6 6. Be2 Bf5 7. O-O Nbd7 8.
Nh4 Be6 9. f4 g6 10. Bd3 Qb6 11. Ne2 O-O-O 12. f5 Bd5 13. c4 Be4 14. Bxe4 Nxe4
15. Qc2 Nef6 16. Kh1 Bg7 17. Nf3 gxf5 18. Qxf5 e6 19. Qc2 h6 20. Bf4 c5 21.
Rad1 cxd4 22. Nexd4 Nc5 23. Nb5 Nce4 24. Rde1 a6 25. Rxe4 Nxe4 26. Qxe4 axb5
27. cxb5 Rd5 28. a4 Rhd8 29. Qc2+ Kd7 30. Qh7 Bxb2 31. Qxf7+ Kc8 32. Qg6 Ba3
33. h3 Rf5 34. Qxh6 Rdf8 35. Bh2 R5f6 36. Qd2 Qc5 37. Rd1 R6f7 38. Qa5 e5 39.
Bxe5 Rxf3 40. Qa8# 1-0

[Event "2.Nord-West-Cup"]
[Site "?"]
[Date "2000.02.11"]
[Round "2"]
[White "Buntemeyer, Axel"]
[Black "Issel, Oliver"]
[Result "0-1"]
[WhiteElo "1589"]
[BlackElo "1980"]
[PlyCount "50"]

1. Nf3 Nf6 2. g3 b6 3. Bg2 Bb7 4. d4 e6 5. O-O Be7 6. c4 c5 7. Nc3 cxd4 8. Qxd4
d6 9. Bg5 a6 10. Rad1 Nbd7 11. Rfe1 O-O 12. Bxf6 Nxf6 13. h3 Qc7 14. e4 Rac8
15. Bf1 Rfd8 16. Qe3 Bf8 17. g4 d5 18. e5 Bc5 19. Qf4 dxc4 20. Rxd8+ Rxd8 21.
Ng5 Rd4 22. Qc1 h6 23. Nxe6 fxe6 24. exf6 Rxg4+ 25. hxg4 Qg3+ 0-1

[Event "2.Nord-West-Cup"]
[Site "?"]
[Date "2000.02.12"]
[Round "4"]
[White "Buntemeyer, Axel"]
[Black "Hoelscher, Josef"]
[Result "1-0"]
[WhiteElo "1589"]
[BlackElo "1277"]
[PlyCount "69"]

1. Nf3 Nf6 2. g3 d5 3. Bg2 c6 4. d3 h6 5. Nbd2 e5 6. Nxe5 Bd6 7. Nef3 O-O 8.
O-O Nbd7 9. Re1 b6 10. c4 Bb7 11. Nh4 Nh7 12. a3 a5 13. Nf5 Be5 14. cxd5 cxd5
15. d4 Qf6 16. Nxh6+ gxh6 17. dxe5 Nxe5 18. Nf3 Rad8 19. Nxe5 Qxe5 20. Bxh6
Rfe8 21. Qd2 Re6 22. Bf4 Qf5 23. e4 Qg6 24. e5 Rde8 25. Red1 Qf5 26. Bxd5 Bxd5
27. Qxd5 Rg6 28. Qd7 Qxf4 29. Qxe8+ Kg7 30. e6 Qf6 31. exf7 Nf8 32. Rac1 Qf3
33. Rd8 Qxf7 34. Qe5+ Kg8 35. Rcc8 1-0

[Event "2.Nord-West-Cup"]
[Site "?"]
[Date "2000.02.13"]
[Round "6"]
[White "Buntemeyer, Axel"]
[Black "Kyeck, Christopher"]
[Result "0-1"]
[WhiteElo "1589"]
[BlackElo "1877"]
[PlyCount "72"]

1. Nf3 Nf6 2. g3 b6 3. Bg2 Bb7 4. d4 e6 5. O-O c5 6. Bg5 Be7 7. dxc5 bxc5 8.
Na3 O-O 9. c4 h6 10. Bf4 Nh5 11. Bd6 Bxd6 12. Qxd6 Qb6 13. Nb5 Qxd6 14. Nxd6
Bc6 15. e4 Nf6 16. Ne5 Ne8 17. Nxc6 Nxc6 18. Nb7 d6 19. e5 Nxe5 20. f4 Nxc4 21.
Nxc5 Rd8 22. Nb7 Rb8 23. b3 Ne3 24. Na5 Nxf1 25. Kxf1 Rc8 26. Nc6 Rc7 27. Rd1
d5 28. Nb4 Nd6 29. g4 a5 30. Nd3 Rc2 31. f5 Rxa2 32. Ne5 Rc8 33. b4 Rcc2 34.
Bf3 axb4 35. Nxf7 Nxf7 36. fxe6 Rf2+ 0-1

[Event "2.Nord-West-Cup"]
[Site "?"]
[Date "2000.02.13"]
[Round "7"]
[White "Buntemeyer, Axel"]
[Black "Schneider, Florian"]
[Result "0-1"]
[WhiteElo "1589"]
[BlackElo "1779"]
[PlyCount "54"]

1. e4 d5 2. Nc3 c6 3. d4 dxe4 4. Nxe4 Nf6 5. Nxf6+ gxf6 6. Be3 Bf5 7. Nf3 Nd7
8. Bc4 e6 9. Qd2 Be7 10. O-O-O b5 11. Bb3 Nb6 12. Nh4 Be4 13. f3 Bd5 14. Qf2 a5
15. f4 a4 16. Bxd5 cxd5 17. f5 b4 18. fxe6 fxe6 19. Qe2 Nc4 20. Bf4 Qc8 21. Kb1
Qa6 22. Rhe1 Kd7 23. Nf5 b3 24. Nxe7 Kxe7 25. cxb3 axb3 26. axb3 Qa1+ 27. Kc2
Qxb2+ 0-1

[Event "2.Nord-West-Cup"]
[Site "?"]
[Date "2000.02.10"]
[Round "1"]
[White "Bunzmann, Dimitrij"]
[Black "Krumwiede, Karsten"]
[Result "1-0"]
[WhiteElo "2502"]
[BlackElo "1994"]
[PlyCount "67"]

1. d4 Nf6 2. c4 g6 3. Nc3 Bg7 4. e4 d6 5. Nf3 O-O 6. Be2 e5 7. O-O Nc6 8. d5
Ne7 9. b4 Nh5 10. Re1 Nf4 11. Bf1 Bg4 12. h3 Bd7 13. c5 f5 14. Bxf4 exf4 15. e5
dxe5 16. Nxe5 Kh8 17. Qb3 Bxe5 18. Rxe5 g5 19. Ree1 Ng6 20. d6 c6 21. Bc4 Qf6
22. Be6 Rad8 23. Bxd7 Rxd7 24. Qe6 Qg7 25. b5 f3 26. bxc6 bxc6 27. gxf3 Nh4 28.
Re3 Rdf7 29. Rd1 g4 30. fxg4 fxg4 31. Qxg4 Qh6 32. Rg3 Rxf2 33. Qd4+ R2f6 34.
Rf1 1-0

[Event "2.Nord-West-Cup"]
[Site "?"]
[Date "2000.02.11"]
[Round "3"]
[White "Bunzmann, Dimitrij"]
[Black "Niebergall, Gerhard"]
[Result "1-0"]
[WhiteElo "2502"]
[BlackElo "2113"]
[PlyCount "83"]

1. d4 d5 2. c4 c6 3. Nc3 Nf6 4. cxd5 cxd5 5. Bf4 Nc6 6. e3 a6 7. Bd3 e6 8. Bg3
Be7 9. f3 O-O 10. Nge2 Ne8 11. O-O f5 12. Rc1 Bg5 13. Bf2 Bd7 14. Na4 Nb4 15.
Bb1 Nd6 16. Nc5 b6 17. Nxd7 Qxd7 18. Rc3 Nc6 19. Bd3 Nb4 20. Bb1 Nc6 21. Nc1
Nb5 22. Rc2 Nb4 23. Re2 Rfc8 24. a3 Nc6 25. Nd3 Nd6 26. Kh1 Nc4 27. Ba2 Nd6 28.
Rc2 Nf7 29. Qe2 Na7 30. Rxc8+ Rxc8 31. e4 Nb5 32. exf5 exf5 33. Nb4 Re8 34. Qd3
Nc7 35. Nxa6 Nxa6 36. Qxa6 Qd6 37. Qb5 Rd8 38. Re1 h6 39. Re8+ Kh7 40. Rxd8 Qf4
41. Re8 Nd6 42. Qxd5 1-0

[Event "2.Nord-West-Cup"]
[Site "?"]
[Date "2000.02.12"]
[Round "5"]
[White "Bunzmann, Dimitrij"]
[Black "Lingnau, Carsten"]
[Result "1/2-1/2"]
[WhiteElo "2502"]
[BlackElo "2366"]
[PlyCount "80"]

1. d4 Nf6 2. c4 e6 3. Nf3 d5 4. Nc3 Be7 5. Bg5 h6 6. Bh4 O-O 7. e3 b6 8. Bd3
Bb7 9. O-O Nbd7 10. Qe2 c5 11. Rad1 Ne4 12. Bg3 Nxg3 13. hxg3 cxd4 14. exd4
dxc4 15. Bxc4 Nf6 16. Ne5 Bb4 17. Nb1 a6 18. a3 Bd6 19. Nd2 b5 20. Bd3 Qb6 21.
Ndf3 Rad8 22. Bb1 Rfe8 23. Nh2 b4 24. axb4 Qxb4 25. Neg4 Be7 26. Qc2 h5 27.
Nxf6+ Bxf6 28. Qh7+ Kf8 29. Qxh5 Rxd4 30. Rxd4 Qxd4 31. Rd1 Qxb2 32. Ng4 Bd5
33. Nxf6 Qxf6 34. Bd3 Ra8 35. Bc4 g6 36. Qh6+ Qg7 37. Qg5 Kg8 38. Bxd5 exd5 39.
Qxd5 Qf8 40. Ra1 Qc8 1/2-1/2

[Event "2.Nord-West-Cup"]
[Site "?"]
[Date "2000.02.13"]
[Round "7"]
[White "Bunzmann, Dimitrij"]
[Black "Issel, Oliver"]
[Result "1-0"]
[WhiteElo "2502"]
[BlackElo "1980"]
[PlyCount "103"]

1. d4 Nf6 2. c4 e6 3. Nf3 b6 4. g3 Bb7 5. Bg2 Bb4+ 6. Bd2 Be7 7. Nc3 Ne4 8. O-O
Nxc3 9. Bxc3 O-O 10. d5 Bf6 11. Rc1 d6 12. Nd4 e5 13. Nf5 Bc8 14. Ne3 a5 15. f4
exf4 16. gxf4 Re8 17. Qd2 Na6 18. Rf3 Nc5 19. Rg3 Bd7 20. Rf1 Qe7 21. Qc2 Kh8
22. Rf2 Rad8 23. Nd1 Bxc3 24. Nxc3 f5 25. e3 Qf6 26. Qd2 Re7 27. Qd4 Rf7 28. b3
Re8 29. Kf1 Kg8 30. Kg1 Kh8 31. Rf1 Kg8 32. Kf2 Kf8 33. Rb1 Kg8 34. Rg1 Na6 35.
Bf3 Qxd4 36. exd4 Nb4 37. Bh5 g6 38. Bd1 Rf6 39. h4 Kf7 40. h5 Re7 41. a3 Na6
42. hxg6+ hxg6 43. Rxg6 Rxg6 44. Bh5 Kf8 45. Rxg6 Rg7 46. Rh6 Rg8 47. Rf6+ Ke7
48. Rf7+ Kd8 49. Be2 Ke8 50. Rh7 Nb8 51. Bd3 Rf8 52. Ne2 1-0

[Event "2.Nord-West-Cup"]
[Site "?"]
[Date "2000.02.11"]
[Round "3"]
[White "Campe, Herbert"]
[Black "van Hove, Ode"]
[Result "0-1"]
[WhiteElo "1601"]
[BlackElo "1387"]
[PlyCount "90"]

1. e4 e5 2. Nf3 f5 3. Nc3 fxe4 4. Nxe4 d5 5. Ng3 e4 6. Nd4 Nf6 7. Be2 Bc5 8.
Nb3 Bb6 9. O-O O-O 10. d4 Qe8 11. Be3 c6 12. Rc1 Na6 13. a3 Nc7 14. c4 a6 15.
c5 Ba7 16. Nd2 Ne6 17. b4 Bb8 18. Qb3 Nf4 19. Rce1 Nxe2+ 20. Rxe2 Kh8 21. Bg5
Qg6 22. Be3 Nh5 23. Qd1 Bg4 24. f3 Nxg3 25. hxg3 exf3 26. gxf3 Bf5 27. Rff2
Bxg3 28. Rg2 Bh3 29. f4 Qg4 30. Qc2 Bxg2 31. Rxg2 Qh3 32. f5 Rae8 33. Nf1 Bb8
34. Rf2 Rxe3 35. Nxe3 Qxe3 36. Kf1 Qh3+ 37. Kg1 Qe3 38. Kf1 Qxd4 39. Qe2 Qe4
40. Qh5 Qd3+ 41. Kg2 Be5 42. Rf3 Qe2+ 43. Kh3 Qh2+ 44. Kg4 Qg2+ 45. Kh4 Bf6+
0-1

[Event "2.Nord-West-Cup"]
[Site "?"]
[Date "2000.02.12"]
[Round "5"]
[White "Campe, Herbert"]
[Black "Haase, Sven"]
[Result "1-0"]
[WhiteElo "1601"]
[BlackElo "1736"]
[PlyCount "85"]

1. e4 c5 2. Nf3 Qc7 3. c4 Nc6 4. d4 cxd4 5. Nxd4 e6 6. Be3 Bb4+ 7. Nc3 Bxc3+ 8.
bxc3 a6 9. Nb3 b6 10. Be2 Nge7 11. O-O O-O 12. Rb1 Rb8 13. Qd2 Rd8 14. Bf4 e5
15. Bg3 d6 16. f4 f5 17. Bf3 Be6 18. Qd3 exf4 19. Bxf4 Ne5 20. Qc2 Nxc4 21. Nd4
Bf7 22. Rbd1 g6 23. exf5 Qc5 24. Kh1 Nxf5 25. Nxf5 Qxf5 26. Be4 Qc5 27. Rf3 Re8
28. Rdf1 Re7 29. Bh6 Ne5 30. Be3 Qc4 31. Rf4 Qxa2 32. Qd1 Qe6 33. Rf6 Qc4 34.
Rxf7 Nxf7 35. Bd5 Qc7 36. Qf3 Rxe3 37. Bxf7+ Kg7 38. Qxe3 Rf8 39. Qd4+ Kh6 40.
Qf4+ Kg7 41. Qf6+ Kh6 42. Rf3 Kh5 43. Rh3+ 1-0

[Event "2.Nord-West-Cup"]
[Site "?"]
[Date "2000.02.11"]
[Round "2"]
[White "Campe, Uwe"]
[Black "Tschetschelnizki, Mikhail"]
[Result "0-1"]
[WhiteElo "1684"]
[BlackElo "2136"]
[PlyCount "108"]

1. d4 e6 2. c4 f5 3. g3 Nf6 4. Bg2 c6 5. Nf3 d5 6. O-O Bd6 7. b3 Qe7 8. Bb2 O-O
9. Nbd2 Bd7 10. Qc1 Be8 11. Ne5 Bh5 12. Ndf3 Nbd7 13. Qg5 h6 14. Qe3 Ne4 15.
Nxd7 Qxd7 16. Ne5 Qe7 17. f4 Kh7 18. Bf3 Be8 19. Rac1 Rd8 20. Rc2 Bxe5 21. dxe5
d4 22. Bxd4 c5 23. Bc3 Bc6 24. Rb1 Rd7 25. b4 b6 26. bxc5 bxc5 27. Rcc1 Rc8 28.
Ba5 Rd4 29. Rb3 Rd7 30. Rd3 Rb7 31. Rb3 Rd7 32. Rd3 Rb8 33. Rcd1 Rdb7 34. Rb3
Rxb3 35. axb3 Qb7 36. Rd3 Rc8 37. Rd8 Rxd8 38. Bxd8 Qa6 39. Be7 Qa1+ 40. Kg2
Qd1 41. Bxc5 g5 42. Bb4 g4 43. Qxa7+ Kg6 44. Bxe4 Qxe2+ 45. Kg1 Qxe4 46. Kf1
Qb1+ 47. Kf2 Qc2+ 48. Kf1 Qxb3 49. Qe7 Qxc4+ 50. Ke1 Qc1+ 51. Ke2 Bb5+ 52. Kf2
Qf1+ 53. Ke3 Qd3+ 54. Kf2 Qe2+ 0-1

[Event "2.Nord-West-Cup"]
[Site "?"]
[Date "2000.02.12"]
[Round "4"]
[White "Campe, Uwe"]
[Black "Issel, Oliver"]
[Result "0-1"]
[WhiteElo "1684"]
[BlackElo "1980"]
[PlyCount "82"]

1. d4 Nf6 2. c4 e6 3. Nf3 b6 4. a3 Bb7 5. Nc3 d5 6. Bg5 Be7 7. e3 Nbd7 8. cxd5
Nxd5 9. Bxe7 Qxe7 10. Bd3 c5 11. Nxd5 Bxd5 12. dxc5 bxc5 13. O-O O-O 14. Qe2
Rab8 15. e4 Bb3 16. Nd2 Ne5 17. Bb5 c4 18. a4 Qb4 19. Nxb3 cxb3 20. f4 Ng6 21.
Rac1 Rfd8 22. Rc3 Rd4 23. Qe3 Rxe4 24. Qxa7 Rd8 25. f5 exf5 26. Rc7 Ne7 27. Rb7
g6 28. a5 Re5 29. Qb6 Rd6 30. Qc7 Rdd5 31. Bc4 Qc5+ 32. Qxc5 Rxc5 33. Bxb3 Rxa5
34. Bc4 Re4 35. b3 Ra2 36. Rd1 Kg7 37. h3 f4 38. Bd5 Nxd5 39. Rxd5 Re1+ 40. Kh2
f3 41. Rdd7 Rxg2# 0-1

[Event "2.Nord-West-Cup"]
[Site "?"]
[Date "2000.02.13"]
[Round "6"]
[White "Campe, Udo"]
[Black "Carstens, Manfred"]
[Result "1/2-1/2"]
[WhiteElo "1684"]
[BlackElo "1690"]
[PlyCount "63"]

1. d4 d5 2. Nf3 Nf6 3. c4 Bf5 4. Nc3 e6 5. Bg5 Be7 6. cxd5 exd5 7. e3 O-O 8.
Bd3 Bxd3 9. Qxd3 c6 10. O-O Nbd7 11. a3 Ne4 12. Bf4 f5 13. b4 g5 14. Be5 g4 15.
Nd2 Nxc3 16. Qxc3 Nxe5 17. dxe5 f4 18. exf4 Rxf4 19. g3 Rf5 20. f4 h5 21. Nb3
Qb6+ 22. Kg2 h4 23. Rf2 Raf8 24. Nd4 Rh5 25. Qd3 c5 26. e6 Kg7 27. bxc5 Bxc5
28. Rb1 Qc7 29. Rc2 hxg3 30. hxg3 Rfh8 31. Kf2 Rh2+ 32. Ke3 {Remis im 43.Zug}
1/2-1/2

[Event "2.Nord-West-Cup"]
[Site "?"]
[Date "2000.02.10"]
[Round "1"]
[White "Carstens, Manfred"]
[Black "Leiber, Bernard"]
[Result "0-1"]
[WhiteElo "1690"]
[BlackElo "2212"]
[PlyCount "60"]

1. e4 g6 2. d4 Bg7 3. c4 c5 4. d5 d6 5. Qc2 Nf6 6. Bd2 O-O 7. Bc3 e6 8. Bd3 b5
9. b3 exd5 10. exd5 Na6 11. a3 b4 12. axb4 Nxb4 13. Bxb4 cxb4 14. Ra2 Ng4 15.
h3 Re8+ 16. Ne2 Ne5 17. O-O Nxd3 18. Qxd3 a5 19. Nd4 Qb6 20. Nc6 Bf5 21. Qd1 a4
22. Nd2 a3 23. Nf3 Bc3 24. g4 Bd7 25. Nfd4 Bxc6 26. Nxc6 Re4 27. Re2 Rxe2 28.
Qxe2 a2 29. Qe7 a1=Q 30. Qxd6 Qaa7 0-1

[Event "2.Nord-West-Cup"]
[Site "?"]
[Date "2000.02.11"]
[Round "3"]
[White "Carstens, Manfred"]
[Black "Langheinrich, Elfi"]
[Result "1-0"]
[WhiteElo "1690"]
[BlackElo "1552"]
[PlyCount "79"]

1. Nf3 Nc6 2. e4 e5 3. d4 exd4 4. Bc4 Be7 5. c3 d6 6. cxd4 Nf6 7. Nc3 O-O 8.
O-O Bg4 9. Be3 a6 10. a3 Kh8 11. h3 Bh5 12. Kh1 Qc8 13. b4 b5 14. Bd3 Nd7 15.
Rc1 Qb7 16. Nd5 Bd8 17. g4 Bg6 18. Nf4 Ne7 19. d5 Nf6 20. Nxg6+ Nxg6 21. Nd4
Ne5 22. f4 Nxd3 23. Qxd3 Re8 24. Nc6 Nxe4 25. f5 Ng3+ 26. Kg2 Nxf1 27. Rxf1 Qc8
28. g5 Qd7 29. h4 Be7 30. Kg3 Bd8 31. f6 gxf6 32. Bd4 Kg8 33. gxf6 Kh8 34. Rf5
Rg8+ 35. Kh2 Rg6 36. Qe4 Rc8 37. h5 Rg8 38. Ne7 Bxe7 39. fxe7+ Rg7 40. Rxf7 1-0